| 000 -LEADER |
| fixed length control field |
00717nam a22001217a 4500 |
| 040 ## - CATALOGING SOURCE |
| Transcribing agency |
RUA |
| 082 ## - DEWEY DECIMAL CLASSIFICATION NUMBER |
| Classification number |
LMA CHE 2025 B701 Or.1 |
| 100 ## - MAIN ENTRY--AUTHOR NAME |
| Personal name |
CHEA OUDOM, ជា ឧត្ដម |
| 245 ## - TITLE STATEMENT |
| Title |
study on land use and land cover changes by using satellite images inrotanak mondol district, battambang province, ការសិក្សាអំពីបម្រែបម្រួលនៃការប្រើប្រាស់ដី និងគម្របដី ដោយប្រើប្រាស់រូបភាពផ្កាយរណបនៅស្រុករតនមណ្ឌល ខេត្តបាត់ដំបង |
| 260 ## - PUBLICATION, DISTRIBUTION, ETC. (IMPRINT) |
| Place of publication |
PHNOM PENH |
| Name of publisher |
RUA |
| Year of publication |
2025 |
| 300 ## - PHYSICAL DESCRIPTION |
| Number of Pages |
xi,57p. |
| Other physical details |
ill. |
| Dimensions |
29cm. |
| 942 ## - ADDED ENTRY ELEMENTS (KOHA) |
| Koha item type |
LMA |
| 952 ## - LOCATION AND ITEM INFORMATION (KOHA) |
| Withdrawn status [LOCAL, KOHA] |
0 |
| 952 ## - LOCATION AND ITEM INFORMATION (KOHA) |
| Withdrawn status [LOCAL, KOHA] |
0 |